Návrh riešenia ergonomickej racionalizácie v podniku LETECH, s.r.o., Piešťany
Salvato in:
| Autore principale: | |
|---|---|
| Altri autori: | |
| Natura: | Manoscritto Libro |
| Lingua: | slovacco |
| Pubblicazione: |
2022
|
| Soggetti: | |
| Accesso online: | http://is.stuba.sk/zp/portal_zp.pl?podrobnosti=164233 |
| Tags: |
Nessun Tag, puoi essere il primo ad aggiungerne!!
|
MARC
| LEADER | 00000ntm a22000003a 4500 | ||
|---|---|---|---|
| 001 | stuzp89070 | ||
| 003 | SK-STU | ||
| 005 | 20220611211733.5 | ||
| 007 | ta | ||
| 008 | 150427s2015----xo-----f-mn---000-0-slo-d | ||
| 040 | |a STU |b slo | ||
| 041 | 0 | |a slo | |
| 100 | 1 | |a Juráček, Lukáš |u 064000 |k Z4 |4 aut |U MTF Materiálovotechnologická fakulta |T MTF Ústav priemyselného inžinierstva a manažmentu |X 85527 |U M4000 |Y 84 |7 85527 | |
| 242 | 0 | 1 | |a Design of ergonomic rationalization solution in an industrial company LETECH, s.r.o., Piešťany |y eng |
| 245 | 1 | 0 | |a Návrh riešenia ergonomickej racionalizácie v podniku LETECH, s.r.o., Piešťany |
| 260 | |c 2022 | ||
| 650 | 4 | |a ergonómia |2 slo | |
| 650 | 4 | |a ergonomická racionalizácia |2 slo | |
| 650 | 4 | |a analýza |2 slo | |
| 650 | 4 | |a pracovné prostredie |2 slo | |
| 650 | 4 | |a osvetlenie |2 slo | |
| 650 | 4 | |a hluk |2 slo | |
| 650 | 4 | |a vibrácie |2 slo | |
| 650 | 4 | |a mikroklimatické podmienky |2 slo | |
| 650 | 4 | |a noise |2 eng | |
| 650 | 4 | |a vibration |2 eng | |
| 650 | 4 | |a microclimatic conditions |2 eng | |
| 650 | 4 | |a ergonomics |2 eng | |
| 650 | 4 | |a analysis |2 eng | |
| 650 | 4 | |a lighting |2 eng | |
| 650 | 4 | |a ergonomic rationalisation |2 eng | |
| 650 | 4 | |a working environment |2 eng | |
| 700 | 1 | |a Marková, Petra |u 064000 |k Z1 |4 ths |U MTF Materiálovotechnologická fakulta |T MTF Ústav priemyselného inžinierstva a manažmentu |X 27920 |U M4000 |Y 84 |7 A000027920 | |
| 856 | 4 | |u http://is.stuba.sk/zp/portal_zp.pl?podrobnosti=164233 | |
| 996 | |c M* DP-14921 |l MMSKP |s P |a 0 |w stuzp89070_0001 | ||